A magyar irodalom tanításának - jelenlegi - gondjai Romániában

Elmentve itt :
Bibliográfiai részletek
Szerző: Bura László
Dokumentumtípus: Cikk
Megjelent: 1995
Sorozat:Iskolakultúra 5 No. 6-7
Kulcsszavak:Magyar irodalom tanítása - Románia, Kisebbség - magyar - Románia - 20. sz., Kisebbség - oktatásügy
Online Access:http://misc.bibl.u-szeged.hu/44645
LEADER 00711nab a2200181 i 4500
001 misc44645
005 20191106141059.0
008 181004s1995 hu o 0|| zxx d
022 |a 1215-5233 
040 |a SZTE Miscellanea Repozitórium  |b hun 
041 |a zxx 
100 1 |a Bura László 
245 1 2 |a A magyar irodalom tanításának - jelenlegi - gondjai Romániában  |h [elektronikus dokumentum] /  |c  Bura László 
260 |c 1995 
300 |a 120-122 
490 0 |a Iskolakultúra  |v 5 No. 6-7 
695 |a Magyar irodalom tanítása - Románia, Kisebbség - magyar - Románia - 20. sz., Kisebbség - oktatásügy 
856 4 0 |u http://misc.bibl.u-szeged.hu/44645/1/iskolakultura_1995_006_007_120-122.pdf  |z Dokumentum-elérés